000 01232cab a2200301 4500
001 WB3435-33
008 090401t xxu||||| |||| 00| 0 eng d
035 _a(Sirsi) u88512
041 _aeng
245 _aNew deal for deprived communities
260 _c(187/98) 15 September 1998(14)
350 _a0
490 _aDETR News Release
_v(749) 15 September 1998
490 _aFinancial Times
_v14 September 1998 8 : 16 September 1998, 16
490 _aSunday Telegraph
_v13 September 1998, 15
490 _aGuardian
_v16 September 1998, 6-7
490 _aDepartment of Education and Employment Press Release
_v(424/98) 15 September 1998
490 _aCabinet Office News Release
_v(187/98) 15 September 1998(14)
520 _aA new £800m initiative to tackle the problems of deprivation head on, and pioneer new ways of working that cut across traditional barriers to change has been announced by Deputy Prime Minister John prescott. Called the New Deal for Communities it will focus in particular on housing.
650 _aCOUNCIL HOUSING
650 _aDEPRIVATION
650 _aDEPRIVED AREAS
650 _aNEW DEAL FOR COMMUNITIES
650 _aPOVERTY
690 _aHOUSING
942 _n0
948 _c16/09/1998
999 _c55928
_d55928